| 000 | 01342nam a2200337Ia 4500 | ||
|---|---|---|---|
| 001 | ebr10265575 | ||
| 003 | CaPaEBR | ||
| 006 | m u | ||
| 007 | cr cn||||||||| | ||
| 008 | 870721s1987 nyu sb 001 0 eng d | ||
| 010 | _z 87020667 | ||
| 020 | _z0826158218 | ||
| 020 | _z082615820X | ||
| 020 | _z9780826158215 | ||
| 040 |
_aCaPaEBR _cCaPaEBR |
||
| 035 | _a(OCoLC)652415848 | ||
| 050 | 1 | 4 |
_aRC489.P7 _bM575 1987eb |
| 100 | 1 |
_aMoreno, J. L. _q(Jacob Levy), _d1889-1974. |
|
| 245 | 1 | 4 |
_aThe essential Moreno _h[electronic resource] : _bwritings on psychodrama, group method, and spontaneity / _cby J.L. Moreno ; Jonathan Fox, editor. |
| 260 |
_aNew York, NY : _bSpringer Pub. Co., _cc1987. |
||
| 300 | _axxi, 240 p. | ||
| 504 | _aIncludes bibliographical references (p. 224-234) and index. | ||
| 533 |
_aElectronic reproduction. _bPalo Alto, Calif. : _cebrary, _d2009. _nAvailable via World Wide Web. _nAccess may be limited to ebrary affiliated libraries. |
||
| 650 | 0 |
_aDrama _xTherapeutic use. |
|
| 650 | 0 | _aGroup psychotherapy. | |
| 650 | 0 | _aSpontaneity (Personality trait) | |
| 655 | 7 |
_aElectronic books. _2local |
|
| 700 | 1 |
_aFox, Jonathan, _d1943- |
|
| 710 | 2 | _aebrary, Inc. | |
| 856 | 4 | 0 |
_uhttp://site.ebrary.com/lib/rucke/Doc?id=10265575 _zAn electronic book accessible through the World Wide Web; click to view |
| 999 |
_c10061 _d10061 |
||